湖南省下辖县级行政区地图 County-level administrative divisions of Hunan - Statistics

General Stats
  • This quiz has been taken 1 166 times
  • The average score is 61 of 122
Answers on the Map
Answers color-coded by a green-red scale on the quiz's map according to % correct below.
 
Answer Stats
县级类 地名 % Correct
长沙县
85%
岳阳县
81%
县级市 浏阳市
81%
市辖区 岳麓区
77%
县级市 吉首市
76%
县级市 韶山市
75%
衡山县
74%
市辖区 天心区
74%
市辖区 雨花区
74%
县级市 宁乡市
74%
凤凰县
73%
市辖区 武陵区
72%
县级市 冷水江市
70%
湘潭县
70%
县级市 湘乡市
69%
市辖区 岳阳楼区
69%
市辖区 芙蓉区
68%
衡阳县
67%
县级市 醴陵市
67%
县级市 邵东市
66%
县级市 汨罗市
65%
市辖区 武陵源区
65%
市辖区 开福区
65%
市辖区 望城区
65%
炎陵县
65%
衡东县
64%
衡南县
63%
邵阳县
63%
桃源县
62%
市辖区 零陵区
62%
茶陵县
62%
县级市 耒阳市
61%
平江县
59%
澧县
58%
县级市 沅江市
57%
县级市 临湘市
57%
攸县
57%
石门县
56%
市辖区 南岳区
55%
自治县 通道侗族自治县
55%
市辖区 娄星区
55%
新化县
55%
安化县
55%
湘阴县
55%
临澧县
54%
沅陵县
54%
市辖区 冷水滩区
54%
市辖区 蒸湘区
53%
自治县 新晃侗族自治县
53%
自治县 芷江侗族自治县
53%
桑植县
53%
南县
52%
县级市 涟源市
51%
慈利县
51%
县级市 津市市
49%
华容县
49%
桂阳县
48%
龙山县
48%
县级市 祁阳市
48%
祁东县
46%
双峰县
46%
古丈县
46%
道县
46%
市辖区 君山区
46%
市辖区 鹤城区
45%
市辖区 雨湖区
45%
桃江县
45%
自治县 江华瑶族自治县
45%
市辖区 鼎城区
44%
汉寿县
44%
县级市 资兴市
44%
溆浦县
44%
县级市 武冈市
44%
花垣县
44%
桂东县
43%
县级市 常宁市
43%
县级市 洪江市
43%
洞口县
43%
隆回县
43%
市辖区 天元区
43%
新邵县
42%
市辖区 岳塘区
42%
市辖区 渌口区
42%
市辖区 苏仙区
41%
自治县 城步苗族自治县
41%
江永县
41%
自治县 麻阳苗族自治县
40%
安乡县
39%
宜章县
39%
市辖区 雁峰区
39%
辰溪县
39%
市辖区 资阳区
39%
市辖区 永定区
39%
市辖区 荷塘区
39%
市辖区 北湖区
38%
自治县 靖州苗族侗族自治县
38%
市辖区 云溪区
38%
市辖区 石峰区
38%
市辖区 珠晖区
37%
会同县
37%
市辖区 赫山区
37%
市辖区 芦淞区
37%
市辖区 石鼓区
36%
中方县
36%
市辖区 大祥区
36%
蓝山县
36%
市辖区 北塔区
35%
保靖县
34%
汝城县
33%
东安县
33%
临武县
32%
永顺县
32%
双牌县
31%
新宁县
30%
嘉禾县
29%
市辖区 双清区
28%
安仁县
27%
永兴县
27%
绥宁县
27%
泸溪县
27%
新田县
27%
宁远县
25%
No matching quizzes found
Score Distribution
Percent of People with Each Score
Percentile by Number Answered
Your Score History
You have not taken this quiz